Introducing English Linguistics
Guardat en:
| Autor principal: | |
|---|---|
| Format: | Llibre |
| Idioma: | anglès |
| Publicat: |
Cambridge
Cambridge University Press
2009
|
| Matèries: | |
| Etiquetes: |
Afegir etiqueta
Sense etiquetes, Sigues el primer a etiquetar aquest registre!
|
MARC
| LEADER | 00000cam a2200000 a 4500 | ||
|---|---|---|---|
| 001 | UCF6085 | ||
| 003 | CL-VaPUC | ||
| 008 | 130411e20090000UK |||||||||||||||||eng|d | ||
| 020 | |a 9780521541220 | ||
| 082 | 0 | 4 | |a 420 |b MEY |2 21 |
| 100 | |a Meyer, Charles F. |e autor |9 568092 | ||
| 245 | 1 | 0 | |a Introducing English Linguistics |
| 300 | |a 259 p | ||
| 942 | |c BK | ||
| 945 | |d 20130411 00:00:00 |a dcastane | ||
| 260 | |a Cambridge |b Cambridge University Press |c 2009 | ||
| 650 | 0 | |a Lengua inglesa |9 318842 | |
| 650 | 0 | |a Educación lingüística |9 306506 | |
| 583 | |a last modification |c 20130411 10:22:00 |k Rodrigo Vera | ||
| 999 | |c 351424 |d 351422 | ||
| 952 | |0 0 |1 0 |4 0 |6 420_000000000000000_MEY_2009 |7 0 |8 A |9 455521 |a BIBEDU |b BIBEDU |d 2019-11-22 |i 4962540 |l 1 |o 420 MEY 2009 |p 4962540 |r 2023-08-31 |s 2023-08-31 |w 2019-11-22 |y BK |k LIT | ||